| 000 | 02294nam a2200301 a 4500 | ||
|---|---|---|---|
| 001 | 000000786 | ||
| 003 | DO-SdBNP | ||
| 005 | 20260220125009.0 | ||
| 008 | 090509s2001 dr 001 0 spa d | ||
| 040 |
_aDO-SdBNP _bspa _cBNPHU |
||
| 082 |
_a303.372 _bS583m |
||
| 100 | 1 |
_a Silié Gatón, José A., _d1920-2014 _9747 |
|
| 245 | 1 | 0 |
_aMoral y civismo / _cJosé A. Silié Gatón. |
| 260 |
_aSanto Domingo : _bLibrería La Filantrópica, _c2001. |
||
| 300 |
_a187 p. ; _c22 cm. |
||
| 504 | _aBibliografía : p. 184 | ||
| 505 | 0 |
_tIntroducción -- _tEducación -- _tLa escuela -- _tLa patria -- _tLa bandera -- _tEl escudo -- _tEl himno nacional -- _tCivismo -- _tSoberanía -- _tDemocracia -- _tReverencia a nuestros héroes -- _tLibertad -- _tCiudadanía -- _tDerechos ciudadanos -- _tConvivencia -- _tEducación doméstica -- _tEducación física -- _tEl hogar -- _tPatria potestad -- _tBuenos modales -- _tEl respeto -- _tCuidado de la palabra -- _tLa pulcritud -- _tOcupación del joven -- _tConducta en la calle -- _tAmistad -- _tCaridad -- _tHonradez -- _tHonestidad -- _tCortesía -- _tPudor -- _tLa corrección -- _tLa comunicación social -- _tTrabajo -- _tRelaciones sexuales extramaritales -- _tDefensa del medio ambiente -- _tJusticia y paz -- _tLas drogas y la violencia -- _tGarantía ciudadana -- _tResponsabilidad penal y civil de los padres -- _tLa Nación -- _tLas principales ciudades -- _tEl Estado -- _tLa República -- _tLa Constitución -- _tPoder público -- _tLa autoridad -- _tPoder ejecutivo -- _tPoder legislativo -- _tPoder judicial -- _tEl derecho -- _tLa ley -- _tEl derecho -- _tEl reglamento -- _tLa política -- _tAsambleas electorales -- _tEl sufragio -- _tObediencia al poder civil -- _tEl estado y los recursos económicos -- _tLos impuestos -- _tBienes del estado -- _tOrden público -- _tCuerpos policiales -- _t50 consejos útiles -- _tLa oración del general Mac Arthur -- _tBibliografía. |
|
| 590 | _aInventariado, 2018/BT | ||
| 650 | 7 |
_aEducación moral _91607 _2LIBRUNAM |
|
| 650 | 7 |
_aEducación cívica _91206 _2LIBRUNAM |
|
| 650 | 4 |
_aHeráldica _92728 |
|
| 650 | 4 |
_aEducación en el hogar _9798 |
|
| 650 | 0 |
_aConducta de vida _911947 _2LIBRUNAM |
|
| 650 | 0 |
_aValores (Filosofía) _9604 |
|
| 650 | 4 |
_aEducación para la vida familiar _92729 |
|
| 910 | _aValidado. Control de calidad. EMS | ||
| 942 |
_2ddc _cLBS1 |
||
| 999 |
_c782 _d782 |
||